000
00226nam a2200097Ia 4500
008
190216s9999||||xx |||||||||||||| ||und||
100
_a
Abdul Hassan
245
0
_a
Al-Anvar Misbahus-Saroor
260
_b
Musthafal Badi&Son
942
_c
BK
999
_c
25
_d
25